| 000 | 00745nam0a2200253 4500 | ||
|---|---|---|---|
| 001 | RU\NLR\bibl\171697 | ||
| 005 | 20250618060530.0 | ||
| 035 | _a(NLR Aleph) 000168473 | ||
| 090 |
_a970376 _c970376 |
||
| 100 | _a20010720d1997 |||y0rusy50 ca | ||
| 101 | 0 | _arus | |
| 102 | _aRU | ||
| 105 | _ac ||||||||| | ||
| 200 | 1 |
_aВстречи - проводы _e[Стихи] _fК.В. Цветков |
|
| 210 |
_aСПб. _cБ.и. _d1997 |
||
| 215 |
_a60 с. _cпортр. _d21 |
||
| 686 | _aШ6(2=Р)75-5 | ||
| 700 | 1 |
_aЦветков _bК. В. _f1933- _gКонстантин Васильевич _4070 |
|
| 801 | 0 |
_aRU _bNLR _c20010720 _gPSBO |
|
| 801 | 1 |
_aRU _bNLR _c20010720 |
|
| 942 | _cBOOK | ||
| 980 | _aNB | ||